Champions du monde de Formule 1 : 70s - Statistiques

Statistiques générales
  • Ce quiz a été pris 25 fois
  • Le résultat moyen est 8 sur 10
Statistiques - réponses
Hint Team Réponse % Correct
1976 McLaren James Hunt
95%
1975 Ferrari Niki Lauda
91%
1977 Ferrari Niki Lauda
91%
1972 Lotus Emerson Fittipaldi
82%
1974 McLaren Emerson Fittipaldi
82%
1971 Tyrrell Jackie Stewart
77%
1973 Tyrrell Jackie Stewart
77%
1970 Lotus Jochen Rindt
73%
1979 Ferrari Jody Scheckter
68%
1978 Lotus Mario Andretti
55%
Aucun quiz correspondant
Distribution des résultats
% des personnes avec chaque résultat
Percentile par nombre de réponses
Votre historique - résultats
Vous n’avez pas pris ce quiz